[Event "Aeroflot Open"]
[Site "Moscow RUS"]
[Date "2008.02.16"]
[Round "3"]
[White "Cherniaev,A1"]
[Black "Smirnov,P"]
[Result "0-1"]
[WhiteElo "2491"]
[BlackElo "2599"]
[EventDate "2008.02.14"]

1. e4 g6 2. d4 Bg7 3. c3 d6 4. f4 Nf6 5. e5 Nd5 6. Bc4 dxe5 7. fxe5 O-O 8.
Nf3 c5 9. dxc5 Be6 10. Qe2 Qc7 11. b4 Nc6 12. Bxd5 Bxd5 13. Bf4 a5 14. b5
Bxf3 15. Qxf3 Nxe5 16. Qe3 Nd3+ 0-1

[Event "Aeroflot Open"]
[Site "Moscow RUS"]
[Date "2008.02.16"]
[Round "3"]
[White "Al Sayed,Mohamad"]
[Black "Pashikian,A"]
[Result "0-1"]
[WhiteElo "2486"]
[BlackElo "2556"]
[EventDate "2008.02.14"]

1. d4 Nf6 2. c4 e6 3. g3 d5 4. Nf3 Bb4+ 5. Bd2 Be7 6. Bg2 c6 7. O-O O-O 8.
Qb3 Nbd7 9. Bf4 b6 10. Nc3 Bb7 11. Rfd1 Nh5 12. Ne5 Nxe5 13. dxe5 Nxf4 14.
gxf4 f5 15. e3 Kh8 16. Ne2 Rg8 17. Nd4 Qd7 18. cxd5 cxd5 19. Kh1 Rac8 20.
Qd3 Rc5 21. Qe2 a5 22. a3 Bc8 23. b4 Rc7 24. Rdb1 Rc4 25. Qd2 Bd8 26. h3
Qe7 27. bxa5 bxa5 28. Rb8 Bc7 29. Ra8 a4 30. Qb2 g5 31. Ne2 gxf4 32. Nxf4
Qg7 33. Rg1 Bxe5 34. Qb6 Bxf4 35. exf4 Rc1 0-1

[Event "Aeroflot Open"]
[Site "Moscow RUS"]
[Date "2008.02.17"]
[Round "4"]
[White "Grachev,B"]
[Black "Najer,E"]
[Result "1-0"]
[WhiteElo "2601"]
[BlackElo "2634"]
[EventDate "2008.02.14"]

1. d4 d5 2. Nf3 Nf6 3. c4 c6 4. e3 Bf5 5. Nc3 e6 6. Nh4 Bg6 7. Be2 Nbd7 8.
O-O dxc4 9. Bxc4 Bd6 10. g3 O-O 11. Nxg6 hxg6 12. Qb3 Qc7 13. Rd1 e5 14.
Bd2 e4 15. Bf1 Nb6 16. a4 Nbd5 17. Nxd5 cxd5 18. a5 a6 19. Bb4 Bxb4 20.
Qxb4 Qd7 21. Rdc1 Nh7 22. Qa4 Qd6 23. Rc5 Rfc8 24. Rac1 Rxc5 25. dxc5 Qc6
26. Qxc6 bxc6 27. Rc3 Rb8 28. Bxa6 Rxb2 29. h4 Nf6 30. Ra3 Kf8 31. Be2 Ke7
32. a6 Rb8 33. g4 Kd8 34. Kg2 Kc7 35. Kg3 Nd7 36. Ra5 Ra8 37. Kf4 Kb8 38.
g5 Ka7 39. Bg4 Rd8 40. Bxd7 Rxd7 41. Ke5 Rd8 42. Ra2 f6+ 43. Ke6 d4 44.
exd4 fxg5 45. hxg5 Rxd4 46. Kf7 Rd5 47. Kxg6 Rxc5 48. Re2 Re5 49. f4 Re7
50. f5 Kxa6 51. f6 gxf6 52. gxf6 Re6 53. Kg7 Kb5 54. f7 Re7 55. Kf6 Rxf7+
56. Kxf7 Kc4 57. Rxe4+ Kd5 58. Re8 c5 59. Kf6 c4 60. Kf5 c3 61. Rd8+ 1-0

[Event "Aeroflot Open"]
[Site "Moscow RUS"]
[Date "2008.02.17"]
[Round "4"]
[White "Bocharov,D"]
[Black "Guseinov,G"]
[Result "1/2-1/2"]
[WhiteElo "2600"]
[BlackElo "2617"]
[EventDate "2008.02.14"]

1. d4 Nf6 2. Nf3 g6 3. c4 Bg7 4. g3 c6 5. Nc3 d5 6. cxd5 cxd5 7. Ne5 O-O 8.
Bg2 e6 9. O-O Nfd7 10. f4 Nc6 11. Be3 f6 12. Nd3 Nb6 13. Bf2 f5 14. Ne5 Bd7
15. a4 a5 16. Qb3 Nb4 17. Rfc1 Qe7 18. e3 Rfc8 19. Bf1 Bc6 20. Be1 Nd7 21.
Qd1 Nxe5 22. dxe5 Bf8 23. Ne2 Bd7 24. Nd4 Rxc1 25. Rxc1 Rc8 26. Rxc8 Bxc8
27. Bc3 Qd8 28. g4 Bc5 29. gxf5 gxf5 30. Qf3 Qe7 31. Bb5 Qg7+ 32. Kf2 Bxd4
33. exd4 Bd7 34. Bxd7 Qxd7 35. Bxb4 axb4 36. Qh5 Kf8 37. Qh6+ Ke8 38. Qf6
Qe7 39. Qh8+ Kd7 40. Kg3 Kc7 41. Qf6 Qxf6 42. exf6 Kd7 43. Kh4 Ke8 44. Kg5
Kf7 45. b3 b6 46. h4 Kf8 47. h5 Kf7 48. h6 1/2-1/2

[Event "Aeroflot Open"]
[Site "Moscow RUS"]
[Date "2008.02.17"]
[Round "4"]
[White "Grigoriants,S RUS"]
[Black "Amonatov,F"]
[Result "1/2-1/2"]
[WhiteElo "2583"]
[BlackElo "2649"]
[EventDate "2008.02.14"]

1. d4 Nf6 2. c4 g6 3. g3 Bg7 4. Bg2 O-O 5. Nf3 d6 6. O-O Nc6 7. Nc3 Rb8 8.
b3 a6 9. Nd5 e6 10. Nxf6+ Qxf6 11. Bg5 Qf5 12. Be3 e5 13. Qd2 Qh5 14. Rfe1
Bh3 15. Rad1 Rbd8 16. Qc1 Bxg2 17. Kxg2 e4 18. Ng5 Rde8 19. f3 exf3+ 20.
Nxf3 h6 21. Bf2 f5 22. e3 g5 23. Qc2 Re4 24. h3 Qf7 25. Nd2 Re7 26. Nf3
Rfe8 27. Rf1 f4 28. exf4 gxf4 29. Rd2 fxg3 30. Bxg3 Qh5 31. d5 Nd4 32. Nxd4
Bxd4 33. Rf3 Re3 34. Qd1 Rxf3 1/2-1/2

[Event "Aeroflot Open"]
[Site "Moscow RUS"]
[Date "2008.02.17"]
[Round "4"]
[White "Volokitin,And"]
[Black "Zhigalko,S"]
[Result "1-0"]
[WhiteElo "2674"]
[BlackElo "2558"]
[EventDate "2008.02.14"]

1. d4 Nf6 2. c4 e6 3. Nc3 Bb4 4. Qc2 d5 5. a3 Bxc3+ 6. Qxc3 Ne4 7. Qc2 c5
8. dxc5 Nc6 9. e3 Qa5+ 10. Bd2 Nxd2 11. Qxd2 dxc4 12. Qxa5 Nxa5 13. Rc1 b5
14. cxb6 Bb7 15. bxa7 Ke7 16. Ne2 Rxa7 17. Nc3 Bc6 18. Na2 Ba4 19. Nb4 Rd8
20. Be2 Rad7 21. O-O Bb3 22. Bf3 Rd2 23. Rb1 g6 24. Rfc1 f5 25. Kf1 Kf6 26.
Ke1 R8d6 27. Bd1 Bxd1 28. Rxd1 Nb3 29. Nc2 R2d3 30. Rxd3 cxd3 31. Nd4 Nxd4
32. exd4 Rxd4 33. b4 Ke7 34. a4 Kd6 35. a5 Kc7 36. Kd2 e5 37. f3 e4 38.
fxe4 fxe4 39. Ke3 Rc4 40. b5 Ra4 41. a6 Kb6 42. Rb2 h6 43. g3 h5 44. h4 Ra3
45. Kxe4 d2 46. Rxd2 Kxb5 47. Ke5 Re3+ 48. Kf4 Ra3 49. Rd5+ Kxa6 50. Rd6+
1-0

[Event "Aeroflot Open"]
[Site "Moscow RUS"]
[Date "2008.02.17"]
[Round "4"]
[White "Frolyanov,D"]
[Black "Predojevic,B"]
[Result "1/2-1/2"]
[WhiteElo "2544"]
[BlackElo "2641"]
[EventDate "2008.02.14"]

1. d4 Nf6 2. c4 g6 3. Nc3 Bg7 4. e4 O-O 5. Nf3 d6 6. Be2 Nbd7 7. O-O e5 8.
Be3 Re8 9. Qc2 c6 10. Rad1 exd4 11. Nxd4 Qe7 12. f3 d5 13. cxd5 Nxd5 14.
Nxd5 cxd5 15. Nb5 dxe4 16. fxe4 Qxe4 17. Qxe4 Rxe4 18. Kf2 Nf8 19. Nc7 Rb8
20. Bxa7 Rxe2+ 21. Kxe2 Bg4+ 22. Kf2 Rc8 23. Rc1 Bxb2 24. Rb1 Be5 25. Nd5
Rc2+ 26. Kg1 Rxa2 27. Rxb7 Rxa7 28. Rxa7 Bd4+ 29. Kh1 Bxa7 30. Nf6+ Kg7 31.
Nxg4 Bd4 1/2-1/2

[Event "Aeroflot Open"]
[Site "Moscow RUS"]
[Date "2008.02.17"]
[Round "4"]
[White "Nguyen Ngoc Truong Son"]
[Black "Naiditsch,A"]
[Result "1/2-1/2"]
[WhiteElo "2551"]
[BlackElo "2638"]
[EventDate "2008.02.14"]

1. e4 e5 2. Nf3 Nc6 3. Bb5 Nf6 4. O-O Nxe4 5. d4 Nd6 6. Bxc6 dxc6 7. dxe5
Nf5 8. Qxd8+ Kxd8 9. Nc3 h6 10. h3 Bd7 11. b3 b6 12. Bb2 Ne7 13. Rad1 Kc8
14. Ne2 Ng6 15. Ng3 Nf4 16. Bc1 Ne6 17. Ne1 g5 18. Nh5 c5 19. f4 gxf4 20.
Nd3 a5 21. Ndxf4 Nxf4 22. Nxf4 a4 23. e6 Bxe6 24. Nxe6 fxe6 25. Bb2 Rg8 26.
Be5 Bg7 27. Bxg7 Rxg7 28. Rf6 axb3 29. axb3 Ra2 30. Rd2 Rg3 31. Rxh6 Rxb3
32. h4 b5 33. Rxe6 Rb1+ 34. Kh2 b4 35. h5 Kb7 36. Rde2 c4 37. R6e4 Ra5 38.
g4 c3 39. h6 Raa1 40. g5 Rh1+ 41. Kg3 c5 42. Rg4 Rag1+ 43. Kf4 Rxg4+ 44.
Kxg4 Kc6 45. g6 b3 46. cxb3 Rxh6 47. Kf5 Rh5+ 48. Kf6 Rh3 49. Rg2 Rf3+ 50.
Ke5 Re3+ 51. Kf4 c2 52. Rxc2 Rxb3 53. g7 Rb8 54. Ke5 Rg8 55. Rg2 c4 56. Kf6
Kd5 57. Kf7 Rxg7+ 58. Rxg7 c3 59. Rg1 Ke4 60. Rc1 Kd3 61. Rxc3+ 1/2-1/2

[Event "Aeroflot Open"]
[Site "Moscow RUS"]
[Date "2008.02.17"]
[Round "4"]
[White "Hou Yifan"]
[Black "Riazantsev,A"]
[Result "1/2-1/2"]
[WhiteElo "2527"]
[BlackElo "2628"]
[EventDate "2008.02.14"]

1. e4 c6 2. d4 d5 3. exd5 cxd5 4. c4 Nf6 5. Nc3 e6 6. Nf3 Bb4 7. cxd5 Nxd5
8. Bd2 Nc6 9. Bd3 Be7 10. O-O O-O 11. Nxd5 Qxd5 12. Bc3 Rd8 13. Re1 Bf6 14.
Be4 Qd6 15. Ne5 Bxe5 16. dxe5 Qxd1 17. Raxd1 Bd7 18. Rd6 Be8 19. Red1 Rxd6
20. exd6 Bd7 21. f4 Nd8 22. Rd3 f5 23. Bf3 Bc6 24. Bd1 Bd5 25. Rg3 g6 26.
h4 Nc6 27. h5 Kf7 28. hxg6+ hxg6 29. Rh3 Rd8 30. Rh7+ Kg8 31. Rxb7 Rxd6 32.
Rg7+ Kf8 33. Rxg6 Bxa2 34. Bf3 Ke8 35. Rg7 Kd8 36. Kf2 Bd5 37. Be2 Rd7 38.
Rg8+ Kc7 39. b4 Rd8 40. Rg3 Nb8 41. Bf6 Rd7 42. b5 Kb7 43. Be5 Rh7 44. Rh3
Rf7 45. Bh5 Re7 46. Be2 Nd7 47. Bd4 Nb6 48. Rh8 Nc4 49. Rh1 Rc7 50. Bxc4
Bxc4 1/2-1/2

[Event "Aeroflot Open"]
[Site "Moscow RUS"]
[Date "2008.02.17"]
[Round "4"]
[White "Bindrich,F"]
[Black "Caruana,F"]
[Result "1/2-1/2"]
[WhiteElo "2497"]
[BlackElo "2598"]
[EventDate "2008.02.14"]

1. d4 d5 2. Nf3 Nf6 3. c4 c6 4. e3 Bg4 5. h3 Bxf3 6. Qxf3 e6 7. Nc3 Nbd7 8.
Bd2 Bb4 9. Bd3 O-O 10. a3 Ba5 11. cxd5 cxd5 12. b4 Bc7 13. O-O Nb6 14. Rac1
Qd7 15. g3 Rab8 16. e4 dxe4 17. Nxe4 Nxe4 18. Bxe4 Nd5 19. Rfd1 Bb6 20. h4
Rbc8 21. h5 h6 22. Be3 Rfd8 23. Kh2 a6 24. Rf1 Ba7 25. Kg2 b5 26. Rfe1 Bb6
27. Rf1 Qd6 28. Rfe1 Qd7 29. Rf1 Rf8 30. Rfe1 Rfd8 1/2-1/2

[Event "Aeroflot Open"]
[Site "Moscow RUS"]
[Date "2008.02.17"]
[Round "4"]
[White "Melkumyan,H"]
[Black "Khismatullin,D"]
[Result "0-1"]
[WhiteElo "2485"]
[BlackElo "2564"]
[EventDate "2008.02.14"]

1. d4 Nf6 2. c4 g6 3. g3 Bg7 4. Bg2 d5 5. cxd5 Nxd5 6. e4 Nb6 7. Ne2 c5 8.
d5 e6 9. Nbc3 exd5 10. Nxd5 O-O 11. O-O Nxd5 12. exd5 Bf5 13. Nc3 Na6 14.
g4 Bd7 15. d6 Nb4 16. Bxb7 Qh4 17. Bf4 Bxg4 18. Qd2 Bh3 19. Rfe1 Rab8 20.
Be4 c4 21. Bg3 Qf6 22. Rad1 h5 23. Qf4 Qxf4 24. Bxf4 Bd7 25. Be3 Nd3 26.
Bxd3 cxd3 27. Rxd3 Rxb2 28. Bd4 Bxd4 29. Rxd4 Kg7 30. Re7 Bh3 31. Re3 Bf5
32. Na4 Rc2 33. h4 Rd8 34. Nc3 Kf8 35. a3 Rb2 36. Na4 Rc2 37. Nc3 Re8 38.
Nd5 Rd8 39. Ne7 Bd7 40. Rf3 Kg7 41. Rb3 Be6 42. Rb5 Rd7 43. Kg2 Rc3 44. a4
Bc4 45. Rb8 Be6 46. f3 Kf6 47. Rb5 Rc4 48. Rxc4 Bxc4 49. Rb4 Rxd6 50. Rxc4
Kxe7 51. Kg3 Kd7 52. Rb4 Ra6 53. Kf4 Ra5 54. Ke3 Ke6 55. Rc4 Kf6 56. Kf2
Ke5 57. Kg3 Kd6 58. Rb4 Rf5 59. Rb7 a5 60. Ra7 Ke6 61. Ra6+ Ke7 62. Ra7+
Kf6 63. Ra6+ Kg7 64. Rb6 Re5 65. Rb5 Kf6 66. Rb7 Ke6 67. Rb6+ Kf5 68. Ra6
f6 69. Ra8 Rd5 70. Ra6 g5 71. hxg5 fxg5 72. Ra8 h4+ 73. Kg2 Rd2+ 74. Kh3
Rf2 75. Rf8+ Kg6 76. Rg8+ Kf6 77. Rf8+ Kg7 78. Rf5 Kg6 79. Rf8 Ra2 80. Rg8+
Kh6 81. f4 gxf4 82. Ra8 Rxa4 83. Kxh4 Ra3 84. Kg4 f3 85. Kg3 Kg7 86. Ra6
Kf7 87. Kf2 Ke7 88. Rh6 Kd7 89. Rf6 Kc7 90. Rf5 Kc6 91. Rf6+ Kd5 92. Rf4
Ke5 93. Rh4 Ke6 94. Re4+ Kd6 95. Rf4 a4 96. Rh4 Ra1 97. Kxf3 a3 98. Kg2 Kc5
99. Ra4 Kb5 100. Rf4 Rb1 0-1

[Event "Aeroflot Open"]
[Site "Moscow RUS"]
[Date "2008.02.17"]
[Round "4"]
[White "Volkov,Sergey1"]
[Black "Pashikian,A"]
[Result "1-0"]
[WhiteElo "2623"]
[BlackElo "2556"]
[EventDate "2008.02.14"]

1. d4 Nf6 2. c4 e6 3. Nc3 Bb4 4. f3 O-O 5. a3 Bxc3+ 6. bxc3 Ne8 7. e4 b6 8.
Bd3 Ba6 9. Nh3 Nc6 10. O-O Na5 11. Qe2 c5 12. e5 f6 13. Bf4 cxd4 14. cxd4
Rc8 15. Rac1 Qe7 16. Rc3 d5 17. exd6 Nxd6 18. c5 Bxd3 19. Qxd3 bxc5 20.
dxc5 Nf7 21. Qa6 Nb7 22. c6 Nbd6 23. Nf2 Rc7 24. Nd3 e5 25. Be3 e4 26. Nb4
exf3 27. Nd5 Qe5 28. Qd3 fxg2 29. Re1 Ng5 30. Bd2 Nde4 31. Bxg5 fxg5 32.
Qxe4 1-0

[Event "Aeroflot Open"]
[Site "Moscow RUS"]
[Date "2008.02.17"]
[Round "4"]
[White "Laznicka,V"]
[Black "Khairullin,I"]
[Result "1/2-1/2"]
[WhiteElo "2595"]
[BlackElo "2544"]
[EventDate "2008.02.14"]

1. d4 Nf6 2. c4 e6 3. Nc3 Bb4 4. Qc2 O-O 5. a3 Bxc3+ 6. Qxc3 d6 7. Bg5 Nbd7
8. e3 b6 9. Ne2 c5 10. Rd1 Qc7 11. Qc2 Ba6 12. Nc3 cxd4 13. Rxd4 d5 14.
Bxf6 Nxf6 15. cxd5 Bxf1 16. d6 Qc6 17. Kxf1 Rfd8 18. Qa4 Rxd6 19. Qxc6 Rxc6
20. Ke2 Kf8 21. g4 h6 22. h4 Ke7 23. g5 hxg5 24. hxg5 Ne8 25. Rh8 Rc5 26.
f4 Rac8 27. Kd3 Nd6 28. Rxc8 Rxc8 29. e4 f6 30. gxf6+ 1/2-1/2

[Event "Aeroflot Open"]
[Site "Moscow RUS"]
[Date "2008.02.17"]
[Round "4"]
[White "Balogh,C"]
[Black "Le Quang Liem"]
[Result "0-1"]
[WhiteElo "2575"]
[BlackElo "2540"]
[EventDate "2008.02.14"]

1. e4 c5 2. Nf3 d6 3. Nc3 Nf6 4. d4 cxd4 5. Qxd4 Nc6 6. Bb5 Bd7 7. Bxc6
Bxc6 8. Bg5 e6 9. O-O-O Be7 10. Qd3 O-O 11. Nd4 Rc8 12. h4 a6 13. Kb1 Qa5
14. f3 Rfd8 15. g4 Qc7 16. Nce2 b5 17. Nf4 Bb7 18. Nfxe6 fxe6 19. Nxe6 Qb6
20. Nxd8 Rxd8 21. Qb3+ Kf8 22. h5 Qc5 23. Bf4 Ne8 24. Rh2 Rc8 25. Rhd2 Qc4
26. Qe3 Kg8 27. h6 g6 28. Bg5 Bf8 29. Qf2 Rc7 30. Be3 Rf7 31. Qg3 Qe6 32.
g5 d5 33. Bf4 dxe4 34. fxe4 Bxe4 35. Ka1 Qf5 36. Be5 Be7 37. Bf6 Rxf6 38.
Qc7 Qc5 39. Rd8 Kf7 40. Qb8 Qb6 41. Qxb6 Rxb6 0-1

[Event "Aeroflot Open"]
[Site "Moscow RUS"]
[Date "2008.02.17"]
[Round "4"]
[White "Kotanjian,T"]
[Black "Parligras,M"]
[Result "0-1"]
[WhiteElo "2545"]
[BlackElo "2574"]
[EventDate "2008.02.14"]

1. d4 Nf6 2. c4 e6 3. Nc3 Bb4 4. Qc2 d5 5. cxd5 Qxd5 6. Nf3 Qf5 7. Qb3 Nc6
8. e3 O-O 9. Bd2 a6 10. a3 Bd6 11. Nh4 Qg4 12. g3 e5 13. d5 Na5 14. Qc2 b5
15. h3 Qd7 16. Ne4 Nxe4 17. Bxa5 Nf6 18. Bg2 b4 19. O-O e4 20. Bxe4 Nxe4
21. Qxe4 Re8 22. Qc4 bxa3 23. b4 Bb7 24. Rfd1 Qxh3 25. Rxa3 Re5 26. Rc3 Rg5
27. Qe4 Bxg3 28. fxg3 Rg4 29. Qh1 Qxg3+ 30. Ng2 Qf3 31. Rcd3 Re8 32. e4
Qxe4 33. Qh3 Rg5 34. Rd4 Qe5 35. Rg4 Rh5 36. Rh4 Rxh4 37. Qxh4 Bxd5 38. Re1
Be4 39. Bxc7 Qd4+ 40. Qf2 Qxb4 41. Bb6 h6 42. Bd4 a5 43. Nf4 a4 44. Nh5 Re6
45. Nf4 Re8 46. Rf1 Qe7 47. Kh2 Rc8 48. Re1 Rc4 49. Ba1 Qd6 50. Qg3 Rc2+
51. Re2 Rxe2+ 52. Nxe2 Qxg3+ 53. Kxg3 g5 54. Bb2 f5 55. Kf2 Kf7 56. Ke3 Kg6
57. Ba3 h5 58. Bd6 h4 59. Kd4 h3 60. Ng1 Bg2 61. Ke3 f4+ 62. Kf2 Kf5 63.
Ne2 Kg4 64. Kg1 Kf5 65. Nc3 Bc6 66. Kh2 g4 67. Ne2 f3 68. Ng3+ Ke6 69. Bf8
Kd5 70. Nh1 Kc4 71. Nf2 Bd7 72. Kg3 Bf5 73. Nd1 Kb3 74. Ne3 Be6 75. Bd6 a3
76. Bf8 Kb2 77. Nd1+ Kc2 78. Ne3+ Kd2 79. Kf2 a2 80. Bg7 g3+ 81. Kxf3 g2
82. Kf2 g1=Q+ 0-1

[Event "Aeroflot Open"]
[Site "Moscow RUS"]
[Date "2008.02.17"]
[Round "4"]
[White "Cherniaev,A1"]
[Black "Ionov,S"]
[Result "1/2-1/2"]
[WhiteElo "2491"]
[BlackElo "2546"]
[EventDate "2008.02.14"]

1. e4 c5 2. c3 Nf6 3. e5 Nd5 4. Nf3 Nc6 5. d4 cxd4 6. cxd4 d6 7. Bc4 Nb6 8.
Bb5 dxe5 9. Nxe5 Bd7 10. Bxc6 Bxc6 11. Nxc6 bxc6 12. O-O e6 13. Qc2 1/2-1/2

[Event "Aeroflot Open"]
[Site "Moscow RUS"]
[Date "2008.02.18"]
[Round "5"]
[White "Amonatov,F"]
[Black "Khismatullin,D"]
[Result "1/2-1/2"]
[WhiteElo "2649"]
[BlackElo "2564"]
[EventDate "2008.02.14"]

1. e4 e6 2. d4 d5 3. Nc3 Nf6 4. Bg5 dxe4 5. Nxe4 Nbd7 6. Nf3 h6 7. Nxf6+
Nxf6 8. Be3 Nd5 9. Bd2 c5 10. Bb5+ Bd7 11. Qe2 Bxb5 12. Qxb5+ Qd7 13. Qxd7+
Kxd7 14. c4 Nf6 15. O-O-O cxd4 16. Nxd4 Rc8 17. b3 Ne4 18. Be1 Ba3+ 19. Kb1
Ke7 20. f3 Nf6 21. Nb5 Bc5 22. b4 Be3 23. c5 Rcd8 24. Bg3 Rxd1+ 25. Rxd1
Nd5 26. Rd3 Bf4 27. a3 a6 28. Nc3 Nxc3+ 29. Rxc3 g5 30. Kc2 Bxg3 31. hxg3
h5 32. Kb3 h4 33. gxh4 gxh4 34. a4 Kd7 35. b5 1/2-1/2

[Event "Aeroflot Open"]
[Site "Moscow RUS"]
[Date "2008.02.18"]
[Round "5"]
[White "Akopian,Vl"]
[Black "Jussupow,Ar"]
[Result "1/2-1/2"]
[WhiteElo "2700"]
[BlackElo "2585"]
[EventDate "2008.02.14"]

1. e4 e5 2. Nf3 Nf6 3. Nxe5 d6 4. Nf3 Nxe4 5. d4 d5 6. Bd3 Bd6 7. O-O O-O
8. Re1 Re8 9. c4 Be6 10. Nbd2 Nf6 11. Ng5 Bg4 12. f3 Bh5 13. cxd5 Nbd7 14.
Nc4 Nb6 15. Rxe8+ Qxe8 16. Nxd6 cxd6 17. Bd2 Bg6 18. Bxg6 hxg6 19. Qb3 Qd7
20. Re1 Nbxd5 21. h4 a6 22. Kh2 Rc8 23. g4 Qb5 24. Qxb5 axb5 25. Kg3 Kf8
26. a3 Rc4 27. Bb4 Nxb4 28. axb4 Rxb4 29. Ra1 Ra4 30. Rc1 Rc4 31. Ra1 Ra4
32. Rc1 1/2-1/2

[Event "Aeroflot Open"]
[Site "Moscow RUS"]
[Date "2008.02.18"]
[Round "5"]
[White "Naiditsch,A"]
[Black "Frolyanov,D"]
[Result "1/2-1/2"]
[WhiteElo "2638"]
[BlackElo "2544"]
[EventDate "2008.02.14"]

1. e4 e5 2. Nf3 Nf6 3. d4 Nxe4 4. Bd3 Nc6 5. dxe5 Nc5 6. Bc4 d6 7. O-O dxe5
8. Qxd8+ Nxd8 9. Nxe5 Bd6 10. Re1 O-O 11. Nc3 Bf5 12. Be3 Nde6 13. Nb5 Bxc2
14. Rac1 Bxe5 15. Rxc2 a6 16. Bxc5 Nxc5 17. Rxe5 axb5 18. Bxb5 Ne6 19. Bc4
Rfd8 20. Kf1 Nd4 21. Rd2 Kf8 22. a3 c6 23. Rd3 b6 24. g4 h6 25. g5 hxg5 26.
Rh3 Kg8 27. Rxg5 Ne6 28. Rg4 Rd1+ 29. Kg2 Rad8 30. Re3 R8d6 31. Rge4 R1d2
32. b4 Kf8 33. Bxe6 fxe6 34. Rxe6 Rxe6 35. Rxe6 Rc2 36. Kf3 Kf7 37. Re2
Rc3+ 38. Re3 Rc2 39. h3 c5 40. bxc5 Rxc5 41. Rb3 b5 42. Kg4 Kf6 43. Rf3+
Kg6 44. Rb3 Kf6 45. h4 Rc4+ 46. f4 Ra4 47. h5 g5 48. Rb4 gxf4 49. Rxa4 bxa4
50. Kxf4 Kg7 51. Ke4 Kh6 52. Kd4 Kxh5 53. Kc4 Kg6 54. Kb4 Kf6 55. Kxa4 Ke7
56. Kb5 Kd7 57. Kb6 Kc8 58. a4 1/2-1/2

[Event "Aeroflot Open"]
[Site "Moscow RUS"]
[Date "2008.02.18"]
[Round "5"]
[White "Nguyen Ngoc Truong Son"]
[Black "Volkov,Sergey1"]
[Result "1-0"]
[WhiteElo "2551"]
[BlackElo "2623"]
[EventDate "2008.02.14"]

1. e4 e6 2. d4 d5 3. Nc3 Nf6 4. Bg5 Bb4 5. e5 h6 6. Bd2 Bxc3 7. bxc3 Ne4 8.
Qg4 Kf8 9. Bd3 Nxd2 10. Kxd2 c5 11. h4 Nc6 12. Rh3 c4 13. Be2 Bd7 14. Rf3
Rg8 15. Nh3 Ke7 16. Nf4 Qe8 17. Rg3 Kd8 18. Nh5 Kc7 19. Qf4 Qf8 20. a4 Rd8
21. Bg4 Be8 22. Rf3 Qe7 23. Bh3 Kb8 24. Qg3 Ka8 25. Rf4 Qf8 26. Qf3 Qe7 27.
Rb1 Qc7 28. g3 a6 29. Ke1 Rb8 30. Kf1 Nd8 31. Qg4 Bxa4 32. Rb2 Nc6 33. Ra2
Bb5 34. Qf3 Nd8 35. Rg4 g6 36. Nf6 Rh8 37. h5 g5 38. Qd1 Nc6 39. Qb1 Na7
40. f4 gxf4 41. gxf4 Rbf8 42. Rg7 Qe7 43. f5 Bd7 44. Qb6 Bc8 45. Ke2 Qd8
46. Qxd8 Rxd8 47. Rxf7 exf5 48. Bg2 Nb5 49. Kd2 Kb8 50. Bf3 Nc7 51. Ra1 b5
52. Re7 f4 53. Rg1 Rhf8 54. Rg6 a5 55. Rxh6 b4 56. cxb4 c3+ 57. Kxc3 Nb5+
58. Kb2 Nxd4 59. Nxd5 Nxf3 60. Rb6+ Ka8 61. Nc7+ Ka7 62. bxa5 Rd7 63. Rxd7
Bxd7 64. e6 Ne5 65. exd7 Nxd7 66. Rd6 f3 67. Rxd7 f2 68. Nd5+ Ka6 69. Ne3
Re8 70. Rf7 Rxe3 71. Rxf2 Rh3 72. Rf5 Kb7 73. Rc5 Ka6 74. Kc1 Rh2 75. Kd1
Kb7 76. Ke1 Ka6 77. Kf1 Kb7 78. Kg1 Rd2 79. h6 1-0

[Event "Aeroflot Open"]
[Site "Moscow RUS"]
[Date "2008.02.18"]
[Round "5"]
[White "Caruana,F"]
[Black "Safarli,E"]
[Result "0-1"]
[WhiteElo "2598"]
[BlackElo "2496"]
[EventDate "2008.02.14"]

1. e4 c5 2. Nf3 Nc6 3. Bb5 g6 4. Bxc6 dxc6 5. d3 Bg7 6. h3 b6 7. a3 a5 8.
O-O e5 9. Be3 Ne7 10. Nbd2 a4 11. Nc4 Qc7 12. b4 b5 13. Ncxe5 cxb4 14. Bf4
Qa5 15. Bd2 Qc7 16. Bf4 Qa5 17. d4 f6 18. Nd3 bxa3 19. Bd6 Qd8 20. Bb4 O-O
21. Re1 Re8 22. Qb1 Be6 23. Rxa3 Bc4 24. Nc5 f5 25. Nb7 Qd7 26. Nd6 fxe4
27. Ne5 Bxe5 28. dxe5 Bd5 29. e6 Qxe6 30. c4 bxc4 31. Nxe8 Rxe8 32. Rxa4
Nf5 33. Qa1 e3 34. Ra8 Bxg2 35. Rxe8+ Qxe8 36. Qf6 Bd5 37. fxe3 Qb8 38. e4
Qxb4 39. Ra1 Qb8 40. exd5 cxd5 41. Kh1 Qe8 42. h4 d4 43. h5 d3 44. Qc3 Qe4+
45. Kg1 Qg4+ 46. Kh1 Qxh5+ 47. Kg1 Qg4+ 48. Kh1 Qe4+ 49. Kh2 Ne3 50. Qb2
Qf4+ 51. Kg1 Qg3+ 52. Kh1 Qf3+ 53. Kg1 h5 54. Qb8+ Kh7 55. Ra7+ Kh6 56.
Qh8+ Kg5 57. Ra5+ Nf5 0-1

[Event "Aeroflot Open"]
[Site "Moscow RUS"]
[Date "2008.02.18"]
[Round "5"]
[White "Iordachescu,V"]
[Black "Bindrich,F"]
[Result "1/2-1/2"]
[WhiteElo "2586"]
[BlackElo "2497"]
[EventDate "2008.02.14"]

1. e4 e5 2. Nf3 Nc6 3. Bb5 a6 4. Ba4 Nf6 5. O-O Be7 6. Re1 b5 7. Bb3 d6 8.
c3 O-O 9. h3 Nb8 10. d4 Nbd7 11. Nbd2 Bb7 12. Bc2 Re8 13. Nf1 Bf8 14. Ng3
g6 15. a4 Bg7 16. Bd3 c6 17. Bg5 Nf8 18. Qd2 Qc7 19. b4 Ne6 20. Be3 Nd7 21.
Bf1 Nb6 22. a5 Nd7 23. Rac1 d5 24. exd5 cxd5 25. dxe5 Nxe5 26. Nxe5 Bxe5
27. Ne2 Rac8 28. Nd4 Bh2+ 29. Kh1 Be5 30. Be2 h5 31. Bf3 Nf4 32. g3 Ne6 33.
h4 Nf8 34. Kg2 Qd7 35. Kg1 Rc4 36. Bg2 Ne6 37. Nb3 Bg7 38. Nd4 Qd8 39. Bf1
Rc8 40. Bh3 Rc4 41. Bf1 Rc8 42. Bh6 Bh8 43. Bh3 Nxd4 44. cxd4 Rc4 45. Bg5
Rxe1+ 46. Rxe1 Qa8 47. Be3 Bg7 48. Bf1 Rc8 49. Bh6 Bh8 50. Bf4 Bg7 51. Be5
Re8 52. Bxg7 Kxg7 53. Rc1 Bc8 54. Bd3 Bg4 55. Qf4 Qd8 56. f3 Bh3 57. Rc7
Be6 58. Kf2 Re7 59. Rc6 Qe8 60. Rxa6 Bf5 61. Bf1 Qc8 62. Qg5 Qc2+ 63. Kg1
Re1 64. Qf6+ Kg8 65. Ra8+ Bc8 66. Qd8+ Kg7 67. Rxc8 Rxf1+ 68. Kxf1 Qd1+ 69.
Kf2 Qd2+ 70. Kf1 Qd1+ 71. Kg2 Qe2+ 72. Kg1 Qe1+ 73. Kg2 Qe2+ 74. Kg1 Qe1+
75. Kg2 Qe2+ 76. Kg1 Qe1+ 1/2-1/2

[Event "Aeroflot Open"]
[Site "Moscow RUS"]
[Date "2008.02.18"]
[Round "5"]
[White "Zhigalko,S"]
[Black "Laznicka,V"]
[Result "1/2-1/2"]
[WhiteElo "2558"]
[BlackElo "2595"]
[EventDate "2008.02.14"]

1. e4 e6 2. d4 d5 3. e5 c5 4. c3 Nc6 5. Nf3 Qb6 6. a3 Nh6 7. b4 cxd4 8.
cxd4 Nf5 9. Be3 f6 10. exf6 gxf6 11. Bd3 Nxe3 12. fxe3 Bh6 13. Qe2 Bd7 14.
Nc3 Ne7 15. Nd2 O-O 16. Nb3 e5 17. Nc5 Bc8 18. Qh5 f5 19. Qh4 exd4 20. exd4
Qf6 21. Qxf6 Rxf6 22. Kf2 Bd2 23. Nb1 Bf4 24. Nc3 Bd2 25. Nb1 Bf4 26. Nc3
Bd2 1/2-1/2

[Event "Aeroflot Open"]
[Site "Moscow RUS"]
[Date "2008.02.18"]
[Round "5"]
[White "Maletin,P"]
[Black "Melkumyan,H"]
[Result "1-0"]
[WhiteElo "2573"]
[BlackElo "2485"]
[EventDate "2008.02.14"]

1. d4 Nf6 2. c4 e6 3. g3 d5 4. Nf3 dxc4 5. Bg2 c5 6. O-O Nc6 7. dxc5 Qxd1
8. Rxd1 Bxc5 9. Nbd2 c3 10. bxc3 Bd7 11. Nb3 Bb6 12. c4 O-O-O 13. Bb2 h6
14. a4 a6 15. Nfd2 e5 16. a5 Ba7 17. c5 Rhe8 18. Nc4 Be6 19. Nbd2 Bxc5 20.
Nxe5 Nxe5 21. Bxe5 Bd5 22. Bh3+ Be6 23. Rac1 Rd5 24. Bxf6 gxf6 25. e4 Rh5
26. Bf5 Bxf5 27. Rxc5+ Kb8 28. exf5 Rd8 29. h4 b6 30. axb6 Kb7 31. Rc7+
Kxb6 32. Rxf7 1-0

[Event "Aeroflot Open"]
[Site "Moscow RUS"]
[Date "2008.02.18"]
[Round "5"]
[White "Olafsson,H1"]
[Black "Dyachkov,S"]
[Result "1/2-1/2"]
[WhiteElo "2531"]
[BlackElo "2559"]
[EventDate "2008.02.14"]

1. d4 Nf6 2. c4 g6 3. Nf3 Bg7 4. g3 c5 5. d5 b5 6. cxb5 Qa5+ 7. Bd2 Qxb5 8.
Nc3 Qb6 9. Bg2 d6 10. O-O O-O 11. Re1 Nbd7 12. Rb1 Rb8 13. h3 Ba6 14. Qc2
Bc4 15. e4 Qa6 16. Bf1 Bxf1 17. Rxf1 e6 18. dxe6 fxe6 19. Rbd1 Nh5 20. Ng5
Rbe8 21. Kg2 Qc6 22. Qa4 Qxa4 23. Nxa4 d5 24. exd5 exd5 25. Rfe1 Rxe1 26.
Bxe1 Nhf6 27. Ne6 Rc8 28. g4 Rc6 29. Nxg7 Kxg7 30. g5 Nh5 31. f4 Nb6 32.
Nxb6 axb6 33. Kf3 d4 34. a4 Kf7 35. a5 bxa5 36. Bxa5 Re6 37. Rd3 Ng7 38. b4
Ra6 39. Ra3 cxb4 40. Bxb4 Rxa3+ 41. Bxa3 Ke6 42. Ke4 Nh5 43. Bc5 d3 44. Bb4
Ng3+ 45. Kxd3 Kf5 46. Ke3 Nh5 47. Bd6 Ng7 48. Kf3 1/2-1/2

[Event "Aeroflot Open"]
[Site "Moscow RUS"]
[Date "2008.02.18"]
[Round "5"]
[White "Pashikian,A"]
[Black "Balogh,C"]
[Result "1/2-1/2"]
[WhiteElo "2556"]
[BlackElo "2575"]
[EventDate "2008.02.14"]

1. d4 d5 2. c4 c6 3. Nf3 Nf6 4. Nc3 dxc4 5. a4 e6 6. e4 Bb4 7. Bg5 Bxc3+ 8.
bxc3 Qa5 9. e5 Ne4 10. Bd2 Qd5 11. Qc2 c5 12. Rd1 cxd4 13. cxd4 c3 14. Bc1
Bd7 15. Bd3 Bc6 16. O-O Na6 17. Ba3 Nd2 18. Rxd2 cxd2 19. Bc4 Qe4 20. Bd3
Qd5 21. Bc4 Qe4 22. Bd3 1/2-1/2